| 000 | 01370cam a2200325 i 4500 | ||
|---|---|---|---|
| 999 |
_c7834 _d7834 |
||
| 001 | 991060644676306706 | ||
| 003 | OSt | ||
| 005 | 20240109125319.0 | ||
| 008 | 220627s2022 spc|||| r o000 0dcat c | ||
| 015 |
_aLL2023 _2bnc |
||
| 017 |
_aDL Gi 556-2022 _bBiblioteca de Catalunya |
||
| 020 | _a9788484962984 | ||
| 040 |
_aES-BaUAB _bcat _erda _cCDMR |
||
| 043 |
_ae-sp--- _be-spcgi _2catmarc |
||
| 080 |
_a070 _x(460.23 Gi Girona) _x"1977/2021" _22004 |
||
| 100 | 1 | _aCamps Durban, Eloi, | |
| 245 | 1 | 3 |
_aLa Premsa veïnal de Girona : _bun model de comunicació i periodisme popular des dels barris (1977-2021) / _cEloi Camps Durban |
| 264 | 1 |
_aGirona : _bAjuntament de Girona, Servei de Gestió Documental, Arxius i Publicacions (SGDAP), _c[2022] |
|
| 300 |
_a187 pàgines : _bil·lustracions (algunes en color) ; _c22 cm |
||
| 490 | 1 |
_aCol·lecció Carles Rahola. Beca ; _v1 |
|
| 500 | _aAl peu d'impremta: Diputació de Girona, Universitat de Girona, Facultat de Lletres, i Col·legi de Periodistes de Catalunya, Demarcació de Girona | ||
| 504 | _aBibliografia: pàgines 175-186 | ||
| 586 | _aSisena Beca dels Premis Rahola, 2019-2020 | ||
| 650 | 7 |
_aPremsa comarcal _zGirona _xHistòria. _2lemac |
|
| 650 | 7 |
_aPremsa _zGirona _xHistòria. _2lemac |
|
| 830 | 0 |
_aCol·lecció Carles Rahola. _pBeca ; _v1 |
|
| 908 |
_aUAB _aUPF _aBC |
||
| 940 | _aUAB | ||
| 942 |
_2udc _cMON |
||